Reengineering management : the mandate for new leadership (Record no. 182495)

MARC details
000 -LEADER
fixed length control field 00457nam a2200157Ia 4500
005 - DATE AND TIME OF LATEST TRANSACTION
control field 20250429105057.0
008 - FIXED-LENGTH DATA ELEMENTS--GENERAL INFORMATION
fixed length control field 231217s9999 xx 000 0 und d
020 ## - INTERNATIONAL STANDARD BOOK NUMBER
International Standard Book Number 9780006383468
082 ## - DEWEY DECIMAL CLASSIFICATION NUMBER
Classification number 658.406 CHA;1 R
100 ## - MAIN ENTRY--PERSONAL NAME
Personal name Champy, James.
245 #0 - TITLE STATEMENT
Title Reengineering management : the mandate for new leadership
260 ## - PUBLICATION, DISTRIBUTION, ETC. (IMPRINT)
Date of publication, distribution, etc. 1995
Name of publisher, distributor, etc. Harper collins
Place of publication, distribution, etc. New York
300 ## - PHYSICAL DESCRIPTION
Extent xi+212
650 ## - SUBJECT ADDED ENTRY--TOPICAL TERM
Topical term or geographic name as entry element Reengineering,management,mandate,leadership
942 ## - ADDED ENTRY ELEMENTS (KOHA)
Koha item type Books
Holdings
Date last seen Total Checkouts Full call number Accession number Old discount Price effective from Category Public note Lost status Damaged status Department Withdrawn status bill date Permanent Location Current Location Shelving location Entry date Vendor Grants Currency symbol Conversion rate Discount Discount type
26/01/2024   658.406 CHA;1 R 53135   26/01/2024 Books SC ST (550)     Central Library   20/07/2012 Central Library Central Library Library Annex 12/03/2009 Publisher DONATED RS 1   Rupees

© For any Suggestions or Query, please contact the library staff @ librarian@pes.edu or Phone: +9180 2672 1983/ 2108.